| 000 | 00500nam a2200169Ia 4500 | ||
|---|---|---|---|
| 999 |
_c20974 _d20974 |
||
| 003 | OSt | ||
| 005 | 20211111142532.0 | ||
| 008 | 190216s9999||||xx |||||||||||||| ||und|| | ||
| 040 | _coclc | ||
| 082 |
_a954.83 _bNAR/K |
||
| 100 |
_aNarayanan, M G S _93246 |
||
| 245 | 0 |
_aKerala Charithrathinte Adisthana Shilakal / _cM G S Narayanan |
|
| 260 |
_bLipi Publication, _aKozhikode: _c2000. |
||
| 300 | _a124p | ||
| 650 | _aHistory | ||
| 942 |
_cBK _2ddc _h954.83 _iNAR/K _k954.83 _mNAR/K |
||